Black History Quiz #1 - Statistics

General Stats
  • This quiz has been taken 71 times
  • The average score is 2 of 10
Answer Stats
Clue Answer % Correct
Refused to give up her seat on a Montgomery, AL bus - before Rosa Parks Claudette Colvin
75%
Mailed himself to freedom Henry Box Brown
38%
Mississippi Civil Rights activist who was sterilized without her consent and was severely beaten Fannie Lou Hamer
28%
Inducted into the US Figure Skating Hall of Fame in 2000. Earned an M.D. degree. 1st Black woman to win a medal at a Winter Olympics Debbie Thomas
19%
Surgeon who founded the 1st Black-run hospital Daniel Hale Williams
16%
Artist born in 1933 who lives in Washington, DC. You can see his work at the Smithsonian American Art Museum Sam Gilliam
16%
Ambassador to 5 island nations in 2011-2013: Fiji, Kiribati, Nauru, Tonga, and Tuvalu Frankie Reed
13%
Responsible for refrigerated trucks that bring us frozen foods Frederick McKinley Jones
13%
1st Black woman to head a Fortune 500 Corporation - Xerox Ursula Burns
13%
Architect and designer of the Duke University Chapel Julian Abele
9%
No matching quizzes found
Score Distribution
Percent of People with Each Score
Percentile by Number Answered
Your Score History
You have not taken this quiz